Relações fisiológicas em mudas de pata-de-vaca (Bauhinia forficata Link) (Registro n. 299398)
[ somente texto ]
| 000 -LÍDER | |
|---|---|
| fixed length control field | 03117nab a2200313 i 4500 |
| 003 - CÓDIGO MARC DA AGÊNCIA CATALOGADORA | |
| Campo de controle | BR-BrBNA |
| 005 - DATA E HORA DA ÚLTIMA ATUALIZAÇÃO | |
| Campo de controle | 20240430152614.0 |
| 008 - CAMPO DE TAMANHO FIXO | |
| fixed length control field | 240430b2014 bl.qr|pooa||| 00| 0 por | |
| 040 ## - FONTE DA CATALOGAÇÃO | |
| Agência catalogadora | BR-BrBNA |
| Idioma da catalogação | por |
| 072 ## - CATEGORIA AGRIS | |
| Código AGRIS | F60 |
| 100 ## - ENTRADA PRINCIPAL - NOME PESSOAL | |
| Nome pessoal | Caron, B.O. |
| 100 ## - ENTRADA PRINCIPAL - NOME PESSOAL | |
| Nome pessoal | Perrando, E.R. |
| 100 ## - ENTRADA PRINCIPAL - NOME PESSOAL | |
| Nome pessoal | Schmidt, D. |
| 100 ## - ENTRADA PRINCIPAL - NOME PESSOAL | |
| Nome pessoal | Manfron, P.A. |
| 100 ## - ENTRADA PRINCIPAL - NOME PESSOAL | |
| Nome pessoal | Behling, A. |
| 100 ## - ENTRADA PRINCIPAL - NOME PESSOAL | |
| Nome pessoal | Elli, E.F. |
| 100 ## - ENTRADA PRINCIPAL - NOME PESSOAL | |
| Nome pessoal | Eloy, E. |
| 245 ## - TÍTULO PRINCIPAL | |
| Título principal | Relações fisiológicas em mudas de pata-de-vaca (Bauhinia forficata Link) |
| 500 ## - NOTA GERAL | |
| Nota geral | Publicação on-line; 28 ref.; 1 table; 2 illus.; Summaries (En, Pt) |
| 942 ## - ADDED ENTRY ELEMENTS (KOHA) | |
| Koha item type | |
| 520 ## - NOTA DE RESUMO | |
| Nota de conteúdo | <br/><br/>RESUMO: <br/><br/>Os fatores ambientais, tais como: temperatura do ar, umidade relativa do ar e radiação<br/>solar, influenciam no comportamento fisiológico dos vegetais refletindo no seu crescimento e<br/>desenvolvimento. O objetivo do trabalho foi avaliar o comportamento fisiológico em mudas<br/>de pata-de-vaca ao longo do dia e constatar qual o melhor horário para a realização de<br/>determinações de trocas gasosas. Para tanto, foram realizadas avaliações de temperatura da<br/>folha, radiação fotossinteticamente ativa, resistência estomática e transpiração, utilizando-se<br/>um porômetro, das 8:00 às 17:00 horas, em intervalos de uma hora entre as medidas. A espécie<br/>apresenta oscilações no seu mecanismo fisiológico em função do horário de avaliação e das<br/>condições climáticas, sendo o intervalo mais indicado para a realização de determinações das<br/>trocas gasosas das 10:00 às 13:00 horas.<br/><br/>Palavras-chave: Estresse hídrico, elementos ambientais, resistência estomática. |
| 520 ## - NOTA DE RESUMO | |
| Nota de conteúdo | <br/><br/>ABSTRACT: <br/><br/>Physiologic relationships in Brazilian Orchid Tree (Bauhinia forficata Link)<br/>seedlings. Environmental elements, such as air temperature, relative humidity and solar<br/>radiation, affect the physiological behavior of plants, which is reflected in their growth and<br/>development. The objective of this study was to evaluate the physiological changes of Brazilian<br/>Orchid Tree seedlings over a typical day and find the best time to carry out determinations of<br/>gas exchanges. For this end, we evaluated temperature of the leaf, photosynthetically active<br/>radiation, stomatal resistance and perspiration, using a porometer, from 8:00 a.m. to 05:00<br/>p.m., in intervals of one hour between measurements. The species presents oscillations in its<br/>physiologic mechanism in function of the time of evaluation and climatic conditions, being the<br/>most suitable interval to determine gas exchanges from 10:00 a.m. to 01:00 p.m.<br/><br/>Keywords: Water stress, environmental elements, stomatal resistance. |
| 650 ## - ASSUNTO - THESAGRO | |
| Cabeçalho tópico ou nome geográfico | MORORÓ |
| 650 ## - ASSUNTO - THESAGRO | |
| Cabeçalho tópico ou nome geográfico | CONDIÇÃO AMBIENTAL |
| 650 ## - ASSUNTO - THESAGRO | |
| Cabeçalho tópico ou nome geográfico | FISIOLOGIA VEGETAL |
| 773 0# - ENTRADA ANALÍTICA | |
| Host Biblionumber | 3543 |
| Registro do item | 314895 |
| Imprenta | Botucatu-SP Instituto de Biociências - Departamento de Química e Bioquímica 1998 |
| Outro identificador | 2024-1146 |
| Título | Revista Brasileira de Plantas Medicinais (Brazil) |
| ISSN | 1516-0572 |
| Colação | v. 16(2) p. 196-201; (2014) |
| Número de controle de registro | BR2024000709 |
| 856 ## - ACESSO E ENDEREÇO ELETRÔNICO | |
| Identificador uniforme de recurso - URI | https://www.scielo.br/j/rbpm/a/DRpJpSRRwvMHr6X8mWWjD5K/?format=pdf&lang=pt |
Nenhum exemplar disponível.

BINAGRI